| 000 | 00841cab a2200241 4500 | ||
|---|---|---|---|
| 001 | WB3444-25 | ||
| 008 | 090401t1998 xxu||||| |||| 00| 0 eng d | ||
| 035 | _a(Sirsi) u89825 | ||
| 041 | _aeng | ||
| 245 | _aHomes for life | ||
| 260 | _c1998 | ||
| 350 | _a0 | ||
| 490 |
_aHerald _v18 November 1998, 2(2) |
||
| 520 | _aRecent figures indicate that house prices may be returning to a period of steady growth as seen in the 1950s and 1960s, moving away from the boom or bust seen in recent years. Residential building land prices, however, are still reaching record levels. | ||
| 650 | _aGVA GRIMLEY | ||
| 650 | _aHOUSE PRICES | ||
| 650 | _aHOUSING MARKET | ||
| 650 | _aRESIDENTIAL BUILDING LAND | ||
| 650 | _aSCOTLAND | ||
| 690 | _aPROPERTY-RESIDENTIAL PROPERTY-RESIDENTIAL PROPERTY MARKET | ||
| 942 | _n0 | ||
| 948 | _c19/11/1998 | ||
| 999 |
_c56864 _d56864 |
||